Teoretické cvičenia zo všeobecnej chémie

Bibliographic Details
Main Authors: Repiská, Lýdia, 1933-2025 (Author), Veselovská, Emília, 1938- (Author), Lengyel, Juraj (Author)
Format: Book
Language:Slovak
PhysicalDescription:175 s. tab. 29 cm
Published: Bratislava Alfa 1976
Edition:1. vyd.
Series:Dočasná vysokoškolská učebnica
Subjects:

MARC

LEADER 00000cam a2200000 a 4500
001 vtls009732771
003 SK-MaSNL
005 20260301082457.0
008 240318s1976 xo a e 000 0 slo
015 |a SNBA1976 
035 |a (SVKBBclas03)vtls000231113 
040 |a SNK  |b slo  |c SNK  |e AACR2 
041 0 |a slo 
044 |a xo  |c SK 
080 |a 541(075.8)  |2 1981 
100 1 |a Repiská, Lýdia,  |d 1933-2025  |4 aut  |9 6264 
245 1 0 |a Teoretické cvičenia zo všeobecnej chémie  |c Lýdia Repiská, Emília Veselovská, Juraj Lengyel 
250 |a 1. vyd. 
260 |a Bratislava  |b Alfa  |c 1976 
300 |a 175 s.  |b tab.  |c 29 cm 
366 |e 400 výt. 
490 1 |a Dočasná vysokoškolská učebnica 
500 |a Vydané pre VŠT v Košiciach 
650 0 7 |a všeobecná chémia  |2 SNKPH  |9 67452 
655 7 |a učebnice vysokých škôl  |2 SNKPH  |9 70191 
700 1 |a Veselovská, Emília,  |d 1938-  |4 aut  |9 213789 
700 1 |a Lengyel, Juraj  |4 aut  |9 407484 
710 2 |a Vysoká škola technická v Košiciach  |4 pbl  |9 34902 
830 0 |a Dočasná vysokoškolská učebnica  |9 279156 
958 |a OND 
999 |c 658613  |d 660543 
952 |a SNK  |b SNK  |y PREZ  |7 0  |p 17A0942194  |o snkSB 24400  |i snkKSP 7304/76  |0 0  |1 0  |4 0  |d 2014-06-18  |f 1  |l 0  |r 2025-03-28 00:00:00  |w 2026-02-23 
952 |a SNK  |b SNK  |y VYP  |7 0  |o snkSB 24400 D1  |i snkKSP 7305/76  |0 0  |1 0  |4 0  |d 2014-06-18  |l 0  |r 2026-02-23 18:45:23  |w 2026-02-23